000 00787nam a22003010a 4500
001 PT56724
003 AR-LpoUNG
005 20210131231755.0
008 191001s2014||||ag |||||||||||||||||spa d
020 _a9789871374298
_c$11
040 _aAR-LpoUNG
_bspa
_cAR-LpoUNG
_eaacr
041 _aspa
044 _aag
082 0 _a808.068 3 475cas
100 1 _aPessoa Rosa, Carlos
245 1 0 _aUna casa bien abierta
250 _a1ra. ed.
260 _aBuenos Aires :
_bPequeño editor,
_c2014.
300 _a36 p. :
_bil.
505 0 _aSugerido a partir de 6 años (etiqueta AMARILLA)
650 4 _aCUENTOS
650 4 _aLITERATURA
651 4 _aDOCUMENTOS TEORICOS O METODOLOGICOS
653 _aLITERATURA INFANTIL
700 1 _eil.
905 _a56724
942 _cLIB
999 _c11862
_d11862